Juridical tribune Tribuna juridică.
| Corporate Author: | |
|---|---|
| Format: | Electronic Journal |
| Language: | English Romanian, Moldovan French |
| Published: |
Bucharest :
Law Department of the Bucharest Academy of Economic Studies
|
| Subjects: | |
| Online Access: | Full text available from Research Library: 06/01/2013 to present |
MARC
| LEADER | 00000nas a2200000 a 4500 | ||
|---|---|---|---|
| 001 | ssj0000713332 | ||
| 003 | WaSeSS | ||
| 005 | 20200512172242.0 | ||
| 006 | m d | ||
| 007 | cr n | ||
| 008 | 120501c20119999rm fr p sg 0 0eng c | ||
| 010 | |a 2012222560 | ||
| 022 | |a 2248-0382 |l 2247-7195 | ||
| 035 | |a (WaSeSS)ssj0000713332 | ||
| 040 | |a UCILW |b eng |c UCILW |d UCILW |d CLU |d OCLCQ |d OCL |d OCLCQ |d OCLCF |d OCLCQ |d CUS |d OCLCO |d CUS |d FIE |d OCLCQ |d YOR |d OCL |d OCLCO |d WaSeSS | ||
| 041 | 0 | |a eng |a rum |a fre | |
| 042 | |a pcc | ||
| 043 | |a e------ | ||
| 050 | 1 | 4 | |a K10 |
| 210 | 0 | |a Jurid. Trib. |b (Online) | |
| 222 | 0 | |a Juridical tribune |b (Online) | |
| 245 | 0 | 0 | |a Juridical tribune |h [electronic resource] = |b Tribuna juridică. |
| 246 | 1 | 1 | |a Tribuna juridică |
| 246 | 1 | |a Juridical trib | |
| 260 | |a Bucharest : |b Law Department of the Bucharest Academy of Economic Studies | ||
| 310 | |a 2 issues per year | ||
| 362 | 1 | |a Began with v. 1, issue 1 (June 2011). | |
| 506 | |a License restrictions may limit access. | ||
| 546 | |a In English, Romanian, and French. | ||
| 588 | |a Description based on: Vol. 1, issue 1 (June 2011); title from PDF cover image (publisher's Web site, viewed on June 19, 2012). | ||
| 588 | |a Latest issue consulted: Vol. 1, issue 2 (Dec. 2011) (viewed June 19, 2012). | ||
| 650 | 0 | |a Law |z European Union countries |v Periodicals. | |
| 650 | 0 | |a International law |z European Union countries |v Periodicals. | |
| 650 | 7 | |a International law. |2 fast |0 (OCoLC)fst00976984 | |
| 650 | 7 | |a Law. |2 fast |0 (OCoLC)fst00993678 | |
| 651 | 7 | |a European Union countries. |2 fast |0 (OCoLC)fst01269470 | |
| 655 | 0 | |a Electronic journals. | |
| 710 | 2 | |a Academia de Studii Economice (Romania). |b Departamentul de Drept. | |
| 776 | 0 | 8 | |i Print version: |t Juridical Tribune |x 2247-7195 |
| 856 | 4 | 0 | |z Full text available from Research Library: 06/01/2013 to present |u https://search.proquest.com/publication/2035665 |